01046nam a2200325 a 4500003000900000005001700009008004100026020001800067040001300085100002200098245006200120260002500182300001900207490002600226500006400252504003100316650003700347650003000384650003200414650003200446650002400478650002800502650002600530650002400556650003200580651001600612653002500628700003200653700003500685AR-BaBNM20251128204924.0082120s2002 ||||||||||||||000 | spa|| a84-277-1081-X cAR-BaBNM1 aWalsh, Bernadette00aComunicarsebun aprendizaje y una habilidad en secundaria aMadridbNarceac1994 a167 p.btablas 0aSecundaria para todos aLOGSE: Ley Orgánica de Ordenación del Sistema Educativo aBibliografía: p. 161-167 4aENSEÑANZA DE LA EXPRESION ORAL 4aENSEÑANZA DE LA LECTURA 4aENSEÑANZA DE LA ESCRITURA 4aESTRATEGIAS DE COMUNICACION 4aGRUPOS DE DISCUSION 4aDIFERENCIACION CULTURAL 4aDIFERENCIACION SOCIAL 4aTECNICAS DIDACTICAS 4aPLANIFICACION DEL CURRICULO 4aReino Unido aEDUCACION SECUNDARIA1 aBóveda, Amparoetraductor1 aPumfrey, Peter D.eprologuista